Cemetery boys /
Yadriel ha evocato uno spirito, e ora non riesce più a liberarsene. Yadriel è un ragazzo trans, ma i suoi - una famiglia latinx molto tradizionalista - faticano ad accettarlo. Lui, però, è determinato a dimostrare loro di essere un vero brujo e con l'aiuto di Maritza, sua cugina nonché migliore amic...
Збережено в:
| Автор: | |
|---|---|
| Інші автори: | |
| Формат: | Книга |
| Мова: | Італійська мова |
| Опубліковано: |
Milano :
Mondadori,
2023
|
| Серія: | Oscar fantastica
|
| Теги: |
Немає тегів, Будьте першим, хто поставить тег для цього запису!
|
MARC
| LEADER | 00000nam a22000007i 4500 | ||
|---|---|---|---|
| 001 | IT\ICCU\BCT\0104486 | ||
| 003 | ItRI | ||
| 005 | 20250804174741.0 | ||
| 008 | 250217s2023 it |||||| |||||1|||||c | ||
| 020 | |a 9788804778332 | ||
| 040 | |b ita |c Arcigay Queer VdA | ||
| 041 | 7 | |a ita |2 ISO-639-2 | |
| 100 | 1 | |a Thomas, Aiden |0 IT\ICCU\BMCV\001244 | |
| 240 | 1 | 0 | |a Cemetery boys |9 Thomas, Aiden |
| 245 | 1 | 0 | |a Cemetery boys / |c Aiden Thomas ; traduzione di Martina Del Romano. |
| 260 | |a Milano : |b Mondadori, |c 2023 | ||
| 300 | |a 407 p. ; |c 23 cm | ||
| 500 | |a Sul dorso e sull'occhietto: Oscar fabula | ||
| 520 | |a Yadriel ha evocato uno spirito, e ora non riesce più a liberarsene. Yadriel è un ragazzo trans, ma i suoi - una famiglia latinx molto tradizionalista - faticano ad accettarlo. Lui, però, è determinato a dimostrare loro di essere un vero brujo e con l'aiuto di Maritza, sua cugina nonché migliore amica, decide di celebrare da solo il rituale dei quinces, ritrovare il fantasma di suo cugino Miguel, morto assassinato, e liberarlo nell'aldilà. Ma il fantasma che evoca è quello di Julian Diaz, il bello e dannato della scuola, il quale non ha alcuna intenzione di tornarsene buono buono tra i morti. Anzi è ben deciso a scoprire cosa gli è successo e a chiarire alcune questioni lasciate in sospeso. Yadriel, che d'altronde non ha molta scelta, accetta di aiutare Julian, in modo che entrambi possano ottenere ciò che desiderano. Solo che, più tempo passa con lui, meno ha voglia di lasciarlo andare... | ||
| 700 | 1 | |a Del Romano, Martina |0 IT\ICCU\RT1V\045036 |4 trl | |
| 830 | 0 | |a Oscar fantastica |0 IT\ICCU\TO0\1961549 | |
| 942 | |2 ddc |c BK | ||
| 952 | |0 0 |1 0 |2 ddc |4 0 |6 813_600000000000000_THO_CEM |7 0 |9 9432 |a AO |b AO |d 2025-08-04 |l 0 |o 813.6 THO CEM |p 11541 |r 2025-08-04 17:48:18 |w 2025-08-04 |x donato dal reparto di Psichiatria AUSL |y BK | ||
| 981 | 1 | |6 z01 |a i |b xxxe | |
| 982 | 1 | |6 z01 |a n | |
| 999 | |c 7870 |d 7870 | ||